| 000 | 01019nam a22003257a 4500 | ||
|---|---|---|---|
| 003 | OSt | ||
| 005 | 20251104004737.0 | ||
| 008 | 251027b |||||||| |||| 00| 0 eng d | ||
| 020 | _a978-971-25-4 | ||
| 040 |
_aDWCL - Main Lib _cOC |
||
| 082 |
_22nd _aRes. 500 A283i 2023 |
||
| 100 | _aAguilar, Delia R. [and four others] | ||
| 245 |
_aiScience 9 / _cDelia R. Aguilar [and four others] |
||
| 250 | _a2nd | ||
| 260 |
_aCainta, Rizal, Philippines : _biBook Publishing Inc., _cc2023. |
||
| 300 |
_ax, 202 pages ; _bcolor illustrations ; _c25 cm. |
||
| 490 | _aK to 12 Curriculum Series | ||
| 650 | _a1. Science - Living Things | ||
| 650 | _a2. Science - Environment | ||
| 650 | _a3. Science-Matter | ||
| 650 | _a4. Science - Earth and Space | ||
| 650 | _a5. Force | ||
| 650 | _a6. Motion | ||
| 650 | _a7. Energy | ||
| 700 | _aI. Eileen L. Del Rosario | ||
| 700 | _aII. Jocelyn R. Pedernal | ||
| 700 | _aIII. Marissa E. Tadeja | ||
| 700 | _aIV. Rosemarie N. Cruz | ||
| 942 |
_2ddc _cBK-0 CIRC _e2nd _mRes. _n0 |
||
| 999 |
_c5140 _d5140 |
||